00870nam a2200217 a 450000100100000000500170001000800410002704000250006808200110009310000400010424501220014425000120026626000820027830000210036049000210038150000700040259000260047283000280049895201090052699900170063500004907520201002061632.0190717s2004 dr 000 0 spa d aDO-SdBNPbspacBNPHU axxbxx1 aDomínguez Cruz, Franklín97646010aSantiago Rodríguez :bel patriota ignorado, historia crítica de la Restauración /cFranklín Domínguez Cruz. a2a. ed. aSanto Domingo, República Dominicana :bConsejo Nacional de Frontera,c2004. a123 p. ;c23 cm.1 aNuestra Frontera aIncluye datos biográficos del autor en la solapa de la cubierta aInventariado, 2019/VM 0aNuestra Frontera943857 0010718PDaPDbPDcHDd2019-07-17iLF1l0oxx xxp49076-10r2020-06-25w2020-06-25yLFPDZNo se presta c48563d48563